000 00562nam a22001577a 4500
005 20160926125648.0
008 160926b xxu||||| |||| 00| 0 eng d
050 _aDT962.62D38 1967
100 _aDay, John
_926161
245 _aInternational nationalism
_bthe extra-territorial relations of Southern Rhodesia African nationalists
_cby Day, John
260 _aLondon
_bRoutledge and Kegan Paul
_c1967
300 _a141p.;
_c19cm.
440 _aLibrary of political studies
_926162
650 _aNationalism
_zRhodesia, Southern
_926163
942 _2lcc
_cMONOGRAPH
999 _c125339
_d125339